| 000 | 01273nam0a22002651 4500 | ||
|---|---|---|---|
| 001 | rc\2986393 | ||
| 005 | 20250806211642.0 | ||
| 035 | _a(NLR Aleph) 007130863 | ||
| 090 |
_a65559 _c65559 |
||
| 100 | _a20110912d1943 u y0rusy50 ca | ||
| 101 | 0 | _arus | |
| 102 | _aRU | ||
| 105 | _ay j ||||| | ||
| 200 | 1 |
_aУчебный план и программы для производственного обучения полеводов _e(Без отрыва от производства) _eУтв. ГУУЗ и НИУ НКСХ СССР _fНКСХ СССР. Гл. упр. учеб. заведений и науч.-исслед. учреждений |
|
| 210 |
_a[Москва] _cБ. и. _d[1943] |
||
| 215 |
_a11 с. _d21 см |
||
| 300 | _aБез обл. и тит. л. | ||
| 712 | 0 | 1 |
_aСССР _bНародный комиссариат зерновых и животноводческих совхозов _bГлавное управление учебных заведений и научно-исследовательских учреждений _4570 |
| 801 | 0 |
_aRU _bNLR _gpsbo |
|
| 801 | 1 |
_aRU _bELAR _2rusmarc |
|
| 852 |
_aNLR _bС _j50 Г-4/344 |
||
| 942 | _cBOOK | ||
| 945 | _aРоссийская национальная библиотека | ||
| 980 | _aNB | ||
| 980 | _aBV | ||